[Event "SU Annen (ch)"]
[Site "?"]
[Date "2024.01.12"]
[Round "1"]
[White "Krug, Christopher"]
[Black "Jeschke, Holger"]
[Result "0-1"]
[WhiteElo "1498"]
[BlackElo "1836"]
[PlyCount "146"]
[EventDate "2024.01.12"]
[EventType "swiss"]
[EventRounds "7"]
[SourceDate "2024.01.12"]

1. d4 Nf6 2. Nf3 g6 3. e3 Bg7 4. Nbd2 O-O 5. g3 b6 6. Bg2 Bb7 7. O-O d6 8. Re1
Nbd7 9. e4 e5 {#} 10. dxe5 (10. c3 Re8 11. Qc2 c5 12. d5 b5 13. c4 a6 14. Rb1
b4 15. a4 a5 16. b3 Bc8 17. Nf1 Nb6 18. Ne3 Ra7 19. Rf1 Ng4 20. h3 Nxe3 21.
fxe3 Nd7 22. Nh2 Qg5 23. Qf2 Rf8 24. g4 Nb6 25. h4 Qe7 26. Qg3 Rc7 27. Rb2 Bd7
28. Ra2 Ra7 29. h5 Qg5 30. hxg6 fxg6 31. Rxf8+ Bxf8 32. Qf3 Be8 33. Qd1 Rf7 34.
Bf1 Bd7 35. Rg2 Qh4 36. Be2 Be7 37. Bd2 Bd8 38. Nf1 Na8 39. Ng3 Nc7 40. Be1 Qg5
41. Bf2 Qf6 42. Qe1 Kf8 43. Rh2 Be7 44. Bd1 Ke8 45. Nf1 Kd8 46. Bh4 g5 47. Bf2
Kc8 48. Ng3 Kb7 49. Qd2 h6 50. Qa2 Rh7 51. Nf5 Bf8 52. Bg3 Qh8 53. Qf2 Ne8 54.
Qf1 Nf6 55. Bf3 h5 56. gxh5 g4 {0-1 Busin,P (2066)-Amanbaev,S (2109), Pavlodar
2008}) 10... dxe5 11. Kh1 Qe7 12. c3 Rad8 13. Qc2 Nc5 14. Nh4 Nd3 15. Re2 Ng4
16. Nf1 Ba6 17. Be3 Nxe3 18. Nxe3 c6 19. Rd2 Bh6 20. Bf1 Nc5 21. Bxa6 Nxa6 22.
Rxd8 Rxd8 23. Ng4 Bg7 24. Rd1 Nc5 25. f3 h5 26. Rxd8+ Qxd8 27. Nf2 Bh6 28. b4
Ne6 29. Nd3 Qd6 30. Ng2 c5 31. bxc5 Nxc5 32. Nxc5 bxc5 33. c4 Qd4 34. h4 Bd2
35. f4 exf4 36. gxf4 Qf2 37. f5 Qf1+ 38. Kh2 Bf4+ 39. Nxf4 Qxf4+ 40. Kh3 Qg4+
41. Kh2 Qxh4+ 42. Kg2 Qg4+ 43. Kh2 Qf4+ 44. Kg2 g5 45. Qe2 g4 46. Qd3 Kg7 47.
Qc3+ f6 48. Qd3 Kh6 49. Qd5 Kg5 50. Qxc5 Qxe4+ 51. Kg1 Qxf5 52. Qxa7 Qb1+ 53.
Kh2 Qc2+ 54. Kg1 Qxc4 55. Qg7+ Kf5 56. Qh7+ Kf4 57. Qh6+ Kg3 58. Qe3+ Kh4 59.
Qf2+ Kg5 60. Qe3+ Qf4 61. Qc5+ Kg6 62. Qd5 Qc1+ 63. Kf2 Qb2+ 64. Kg3 Qc3+ 65.
Kg2 Qc2+ 66. Kg3 Qc3+ 67. Kf2 Kh6 68. Qf7 Qf3+ 69. Ke1 Kg5 70. Qg7+ Kh4 71. Qa7
Kh3 72. Qf2 Qxf2+ 73. Kxf2 Kh2 0-1

[Event "SU Annen (ch)"]
[Site "?"]
[Date "2024.01.12"]
[Round "1"]
[White "Köhler, Frank"]
[Black "Steding, Lennard"]
[Result "1-0"]
[WhiteElo "1733"]
[BlackElo "1454"]
[PlyCount "69"]
[EventDate "2024.01.12"]
[EventType "swiss"]
[EventRounds "7"]
[SourceDate "2024.01.12"]

1. c4 c5 2. g3 g6 3. Nc3 Nc6 4. Bg2 Bg7 5. Nf3 Nf6 6. d4 cxd4 7. Nxd4 Qb6 8.
Nb3 d6 9. O-O Be6 10. Nd5 Bxd5 11. cxd5 {#} Na5 (11... Ne5 12. a4 (12. Be3 Qa6
13. Bd4 Ned7 (13... Nc4 14. e4 O-O 15. Re1 Rac8 16. a4 Nd7 17. Bf1 Bxd4 18.
Nxd4 Qb6 19. b3 Nce5 20. Kg2 Nc5 21. f4 Ned7 22. Bb5 Nf6 23. a5 Qc7 24. Qf3 a6
25. Bc4 Ncd7 26. Qd3 Qc5 27. Re2 Rfe8 28. h3 h5 29. Nf3 Qc7 30. e5 Nh7 31. e6
Nc5 32. Qb1 f5 33. g4 Ne4 34. Rxe4 fxe4 35. Qxe4 Rf8 36. Qxg6+ Kh8 37. Bd3 Nf6
38. Qh6+ Kg8 39. Ng5 {1-0 Hudziak,P (2205)-Chrzanowski,M (1975), Wroclaw 2010})
(13... O-O 14. Re1 (14. Bc3 Rac8 15. a4 Ned7 16. e4 Nh5 17. Bxg7 Nxg7 18. Bh3
f5 19. Nd4 Ne5 20. exf5 gxf5 21. Re1 Qb6 22. Nf3 Ng6 23. Qd2 Rc4 24. Qh6 Rc2
25. Re3 Rf6 26. Ng5 Nf8 27. Qh5 h6 28. Ne6 Nfxe6 29. dxe6 Rxf2 30. Kxf2 Qxb2+
31. Re2 Qxa1 32. Bg2 f4 33. g4 Qd4+ {0-1 Bernard,N (2240)-Vetemaa,J (2390),
Huy 1992}) 14... Rfc8 15. e4 Qa4 16. Bc3 Qd7 17. f4 Nc4 18. e5 dxe5 19. fxe5
Ne8 20. e6 fxe6 21. Bh3 Nc7 22. Bxg7 {1-0 Gutkin,B (2289)-Choong,M (1948),
Kamena Vourla 2012}) 14. e4 O-O 15. f4 Nh5 16. Bh3 Rad8 17. Rf2 b6 18. Bxg7
Nxg7 19. Nd4 Nc5 20. Nc6 Rde8 21. Re2 e6 22. b4 Na4 23. Rc2 exd5 24. Qxd5 b5
25. Qxd6 Qb6+ 26. Kh1 Qb7 27. Bg2 Nb6 28. Qc5 a6 29. f5 Nc4 30. a4 gxf5 31.
axb5 axb5 32. Ra7 Qc8 33. Ne7+ Rxe7 34. Rxe7 Qd8 35. Rc1 Ne6 36. Qa7 Qd2 37.
Rg1 fxe4 38. Rd7 Qe2 39. Qa1 Ng5 40. Qe1 Qg4 41. Rd4 Re8 42. Qf2 Ne5 43. Qf4 f5
44. Rd5 Ngf3 45. Bxf3 Nxf3 46. Qxf5 Qxf5 47. Rxf5 Rd8 48. Rf1 Rd2 49. R5xf3
exf3 50. Rxf3 Rb2 51. Rf4 Kg7 52. Kg1 Kg6 53. h4 h5 54. Kf1 Kh6 55. g4 hxg4 56.
Rxg4 Kh5 57. Rf4 Rh2 58. Ke1 Rb2 59. Kd1 Rh2 60. Kc1 Re2 61. Rf5+ Kxh4 62. Rxb5
Kg4 63. Rd5 Kf4 64. b5 Re5 65. Rd4+ Kf5 66. Rb4 Ke6 67. b6 Rc5+ 68. Kb2 Rc8 69.
Kb3 Kd6 70. Ka4 Kc6 71. Rc4+ Kb7 72. Rxc8 Kxc8 73. Kb5 Kb7 74. Kc5 Kb8 75. Kc6
Kc8 76. b7+ Kb8 77. Kb6 {1/2-1/2 Bayer,E (2266)-Kruse,H (2245), BRD 2006})
12... Nc4 13. a5 Qb4 14. Nd4 Nd7 15. Ra4 Qc5 16. e3 Qc7 17. Qe2 Rc8 18. b3 Nxa5
19. Qb5 b6 20. Bh3 Bxd4 21. exd4 f5 22. Bh6 a6 23. Qxa6 Nxb3 24. Re1 Na5 25.
Ra2 Qc4 26. Qxc4 Nxc4 27. Rae2 Kd8 28. g4 fxg4 29. Bxg4 Re8 30. Bg5 Rc7 31.
Rxe7 Rxe7 32. Rxe7 Kc8 33. Re8+ Kb7 34. Bd8 h5 35. Be6 {1-0 Asadli,V (2567)
-Muradli,M (2540), Baku 2023}) 12. Be3 Qd8 13. Nd4 O-O 14. Rc1 Ng4 15. b4 Nxe3
16. fxe3 Bh6 17. Qd3 Qb6 18. bxa5 Qxa5 19. Rc2 Rac8 20. Kf2 Rxc2 21. Qxc2 Qa3
22. Qb3 Qa6 23. Rc1 e5 24. Nb5 Qb6 25. Na3 Qd8 26. Kg1 Qa5 27. Nc4 Qc5 28. Rb1
Rb8 29. Kf2 b5 30. Na5 a6 31. Rb2 Rc8 32. Nc6 Kf8 33. Rc2 Qb6 34. a4 b4 35. a5
1-0

[Event "SU Annen (ch)"]
[Site "?"]
[Date "2024.01.12"]
[Round "1"]
[White "Reichard, Sven"]
[Black "Stergar, Lothar"]
[Result "1-0"]
[WhiteElo "1415"]
[BlackElo "1612"]
[PlyCount "41"]
[EventDate "2024.01.12"]
[EventType "swiss"]
[EventRounds "7"]
[SourceDate "2024.01.12"]

1. e4 c5 2. Nf3 d6 3. d4 cxd4 4. Nxd4 Nf6 5. Nc3 a6 6. Be2 e5 7. Nf3 Be7 8. O-O
O-O 9. Be3 Qc7 10. Qd2 Be6 11. Rfd1 Nbd7 {#} 12. Rac1 (12. Nd5 Bxd5 13. exd5
Rac8 14. c4 Ne4 15. Qc2 f5 16. Nd2 Nxd2 17. Bxd2 b5 18. Rac1 bxc4 19. Qxc4 Qxc4
20. Bxc4 Ra8 21. Rc2 a5 22. Rdc1 Nc5 23. Be3 Ne4 24. f3 Nf6 25. Bb5 Rab8 26.
Bc6 e4 27. f4 Bd8 28. h3 Bb6 29. Bxb6 Rxb6 30. b3 Nh5 31. Rf1 Rc8 32. Rc3 Nf6
33. Kh2 Kf8 34. Rfc1 Ke7 35. g3 Rb4 36. Rc4 Rxc4 37. Rxc4 Nd7 38. Bxd7 Rxc4 39.
bxc4 Kxd7 40. g4 g6 41. Kg3 Kc7 42. Kf2 Kb6 43. Ke3 Kc5 44. gxf5 gxf5 45. h4
Kxc4 46. h5 Kxd5 47. h6 Kc4 48. a4 d5 49. Ke2 d4 50. Kd2 e3+ 51. Ke2 Kc3 52.
Kd1 d3 53. Ke1 Kc2 {0-1 Thiel,M-Stuckenschneider Braun,M (1989), Staufenberg
2011}) 12... b5 13. Nd5 Nxd5 14. exd5 Bf5 15. c4 bxc4 16. Rxc4 Qd8 17. Rdc1 Nf6
18. Rc6 Ne4 19. Qd1 Qa5 20. a3 Rfc8 21. Bb6 1-0

[Event "SU Annen (ch)"]
[Site "?"]
[Date "2024.01.12"]
[Round "1"]
[White "Helbig, Dieter"]
[Black "Saage, Armin"]
[Result "0-1"]
[WhiteElo "1569"]
[BlackElo "1281"]
[PlyCount "76"]
[EventDate "2024.01.12"]
[EventType "swiss"]
[EventRounds "7"]
[SourceDate "2024.01.12"]

1. c4 g6 2. Nc3 Bg7 3. d4 c6 4. e4 d6 5. Nf3 Bg4 6. Be2 Qc7 7. Be3 Nd7 8. h3
Bxf3 9. Bxf3 e5 {#} 10. d5 (10. O-O Ne7 11. Be2 (11. Re1 O-O 12. d5 c5 13. b4
a6 14. bxc5 Nxc5 15. Bxc5 Qxc5 16. Na4 Qa5 17. Qb3 b5 18. Nb2 Rac8 19. Be2 bxc4
20. Nxc4 Qc5 21. Qb6 Rfd8 22. Qxa6 f5 23. Ne3 Bh6 24. Bf3 Ra8 25. Qe2 Ra3 26.
Rab1 Rda8 27. Rb2 R3a4 28. Rb7 Rxa2 29. Qb5 Qxb5 30. Rxb5 R2a4 31. Rb7 Kf8 32.
exf5 gxf5 33. Rxe7 Bxe3 34. Rxh7 Ra1 35. Bd1 Bc5 36. Rh8+ Kg7 37. Rxa8 Rxa8 38.
Bb3 Rb8 39. Rb1 Kf6 40. Kf1 Rb4 {1/2-1/2 Monjac,M (2158)-Jezidzic,G (2166),
Rijeka 2013}) (11. Qd2 exd4 12. Bxd4 Ne5 13. Be2 O-O 14. f4 Nd7 15. Bxg7 Kxg7
16. f5 f6 17. Bg4 Ne5 18. b3 Rad8 19. Ne2 Qb6+ 20. Kh1 Nf7 21. Nf4 Ng5 22. Qd3
h5 23. Be2 h4 24. Bg4 d5 25. cxd5 cxd5 26. e5 fxe5 27. Ne6+ Nxe6 28. fxe6 Qd4
29. Qb5 b6 30. Rad1 Rxf1+ 31. Rxf1 Rf8 32. Rxf8 Kxf8 33. Qd7 Qb4 34. Qd8+ Kg7
35. Qe8 Qe1+ 36. Kh2 Qg3+ 37. Kh1 Qe1+ 38. Kh2 Qg3+ 39. Kh1 Qe1+ {1/2-1/2
Kaganskiy,G (2183)-Novikov,E (2276), Chess.com INT 2023}) 11... O-O 12. dxe5
dxe5 13. c5 Rad8 14. Qc2 Rfe8 15. b4 Nf8 16. Bc4 Ne6 17. Bxe6 fxe6 18. Qb3 Nc8
19. Rfd1 Kf7 20. Ne2 Bf6 21. Rab1 Rxd1+ 22. Rxd1 Rd8 23. Rd3 Rxd3 24. Qxd3 a5
25. a3 axb4 26. axb4 b5 27. Nc1 Qd8 28. Qxd8 Bxd8 29. Nd3 Kf6 30. h4 Bc7 31.
Bh6 Ne7 32. f3 Ng8 33. Bf8 Ne7 34. Kf2 Bd8 35. Nxe5 Nd5 36. Nxc6 Nf4 37. Nxd8
Nd3+ 38. Ke3 Nxb4 39. c6 Na6 40. g4 {1-0 Czeremin,C-Niesel,M (2270), BRD 1997})
10... c5 11. Qd2 a6 12. Rb1 Ne7 13. Be2 O-O 14. O-O f5 15. f4 exf4 16. Bxf4 Ne5
17. Bh6 Bxh6 18. Qxh6 Nf7 19. Qe3 Ne5 20. Qg3 Kg7 21. Rf4 h6 22. Rbf1 Qd7 23.
b3 Rf6 24. Bd3 Nxd3 25. Qxd3 Raf8 26. exf5 g5 27. g4 gxf4 28. Ne4 Rxf5 29. gxf5
Qxf5 30. Qf3 Qe5 31. Kh2 Rf7 32. Rg1+ Kf8 33. Rg2 Nf5 34. Nf2 Nh4 35. Qe4 Nxg2
36. Kxg2 f3+ 37. Kh1 Qa1+ 38. Kh2 Qf1 0-1

[Event "SU Annen (ch)"]
[Site "?"]
[Date "2024.01.12"]
[Round "1"]
[White "Solomov, Christian"]
[Black "Schröder, Paul"]
[Result "0-1"]
[WhiteElo "1152"]
[BlackElo "1508"]
[PlyCount "86"]
[EventDate "2024.01.12"]
[EventType "swiss"]
[EventRounds "7"]
[SourceDate "2024.01.12"]

1. e4 e5 2. Nf3 Nc6 3. Bc4 Nf6 4. Ng5 d5 5. exd5 Na5 6. Bb5+ c6 7. dxc6 bxc6 8.
Be2 h6 9. Nf3 e4 10. Ne5 Bd6 11. Ng4 {#} Be6 (11... Nh7) (11... Bxg4) (11...
Nd5) (11... O-O) (11... Nxg4 {- C59/04}) 12. Nc3 Bf5 13. O-O Nd5 14. Nxd5 cxd5
15. Bb5+ Bd7 16. Bxd7+ Qxd7 17. b3 O-O 18. Bb2 f5 19. Ne3 d4 20. Bxd4 Bxh2+ 21.
Kxh2 Qxd4 22. Qh5 Qe5+ 23. g3 Nc6 24. Rad1 Rad8 25. Qe2 Nd4 26. Nc4 Qe8 27. Qe3
Nxc2 28. Qxa7 Ra8 29. Qc5 Rxa2 30. Rc1 Qh5+ 31. Kg1 Qf3 32. Ne5 Qxb3 33. Rb1
Qa4 34. Rfc1 Ra1 35. Rxa1 Nxa1 36. Qc3 Nb3 37. Rb1 Nd4 38. Qc4+ Qxc4 39. Nxc4
Nf3+ 40. Kf1 Rc8 41. Rb4 Rc5 42. Ke2 Nd4+ 43. Ke1 Nc2+ 0-1

[Event "SU Annen (ch)"]
[Site "?"]
[Date "2024.01.19"]
[Round "2"]
[White "Jeschke, Holger"]
[Black "Reichard, Sven"]
[Result "1-0"]
[WhiteElo "1836"]
[BlackElo "1415"]
[PlyCount "43"]
[EventDate "2024.01.12"]
[EventType "swiss"]
[EventRounds "7"]
[SourceDate "2024.01.12"]

1. b4 Nf6 2. Bb2 e6 3. a3 d5 4. e3 Nbd7 5. c4 dxc4 6. Bxc4 c5 7. bxc5 Bxc5 8.
d4 Be7 9. Nf3 O-O 10. O-O b6 11. Nc3 Bb7 12. Qe2 {#} Rc8 (12... Qb8 13. Rac1
Bd6 14. e4 Bf4 15. Rc2 Rd8 16. g3 Bh6 17. Bc1 Bxc1 18. Rfxc1 Nf8 19. Bd3 Rc8
20. Ba6 Ne8 21. Bb5 a6 22. Bd3 b5 23. d5 exd5 24. Nxd5 Qd6 25. Rxc8 Rxc8 26.
Rxc8 Bxc8 27. Qc2 Bd7 28. Qc3 Be6 29. Nb4 Qb6 30. Nc6 Qc7 31. Qc5 Qd6 32. Qxd6
Nxd6 33. Ng5 g6 34. Nxe6 Nxe6 35. Nb8 Nc5 36. Bf1 Ndxe4 37. Bg2 f5 38. f4 Kf7
39. Bxe4 fxe4 40. Kf2 Ke6 41. Nc6 Kd5 42. Nb4+ Kc4 43. Ke2 a5 44. Nc2 Kc3 45.
Ne3 b4 46. Nd5+ Kb3 47. axb4 axb4 48. Nf6 Kc2 49. Nxh7 {1-0 Haisma,H (1664)
-Kershaw,G (1640), Grand Harve Bay 2006,}) 13. Bd3 Re8 14. Rac1 Rc7 15. Rc2 Qa8
16. Rfc1 Bxf3 17. gxf3 Rec8 18. Ba6 Rxc3 19. Rxc3 Rf8 20. e4 Bd8 21. Rc8 Nb8
22. a4 1-0

[Event "SU Annen (ch)"]
[Site "?"]
[Date "2024.01.19"]
[Round "2"]
[White "Schröder, Paul"]
[Black "Zimmermann, Kolya"]
[Result "1-0"]
[WhiteElo "1508"]
[BlackElo "1139"]
[PlyCount "60"]
[EventDate "2024.01.12"]
[EventType "swiss"]
[EventRounds "7"]
[SourceDate "2024.01.12"]

1. d4 Nf6 2. c4 e6 3. Nc3 Bb4 4. Bg5 b6 5. a3 Bxc3+ 6. bxc3 h6 7. Bh4 Bb7 8.
Nf3 d6 9. e3 g5 10. Bg3 Ne4 11. Bd3 {#} Bc6 (11... f5) (11... h5) (11... Nd7 {
- E 24/3}) 12. Qc2 Nf6 13. e4 Nbd7 14. a4 Nh5 15. a5 Nxg3 16. hxg3 g4 17. Nd2
h5 18. a6 Nb8 19. d5 Bd7 20. e5 dxe5 21. Bg6 Qg5 22. Be4 f5 23. dxe6 fxe4 24.
exd7+ Nxd7 25. Qxe4 Kf7 26. Qd5+ Ke7 27. Ne4 Nf6 28. Qxa8 Nxe4 29. Qxe4 Rd8 30.
O-O h4 1-0

[Event "SU Annen (ch)"]
[Site "?"]
[Date "2024.01.19"]
[Round "2"]
[White "Stergar, Lothar"]
[Black "Krug, Christopher"]
[Result "1/2-1/2"]
[WhiteElo "1612"]
[BlackElo "1498"]
[PlyCount "69"]
[EventDate "2024.01.12"]
[EventType "swiss"]
[EventRounds "7"]
[SourceDate "2024.01.12"]

1. e4 e5 2. Nf3 Nc6 3. Bb5 Nge7 4. c3 a6 5. Ba4 b5 6. Bb3 Ng6 7. O-O Na5 8. Bc2
d6 9. d4 Bg4 {#} 10. Nbd2 (10. h3 Bd7 (10... Bxf3 11. Qxf3 Be7 12. Rd1 Bg5 13.
Nd2 O-O 14. g3 Qe7 15. h4 Bh6 16. h5 Nh8 17. Nf1 Bxc1 18. Raxc1 Nc4 19. b3 Na3
20. Bd3 c5 21. dxc5 dxc5 22. h6 g6 23. Ne3 f6 24. Nd5 Qf7 25. Bf1 Rac8 26. Bh3
Rc6 27. Ne7+ Qxe7 28. Rd7 Qxd7 29. Bxd7 Rd6 30. Rd1 Rxd1+ 31. Qxd1 Nf7 32. Be6
b4 33. cxb4 Nb5 34. Qf3 f5 35. exf5 Nd4 36. Qd5 Nxf5 37. bxc5 N5xh6 38. c6 Kg7
39. c7 Nf5 40. Bxf7 Ne7 41. Qd7 Rxf7 42. c8=Q Nxc8 43. Qxc8 {1-0 Siedlanowski,
L (1927)-Chwalewski,M (1930), Lublin 2014}) 11. b4 Nc4 12. Bb3 Be7 13. Bxc4
bxc4 14. Nbd2 O-O 15. dxe5 dxe5 16. Nxc4 Bb5 17. Qb3 Qd3 18. Ncd2 Bd7 19. Rb1
Be6 20. c4 Qd7 21. Re1 Rfb8 22. Qc3 f6 23. Rb3 c5 24. bxc5 Bxc5 25. Qc2 Qf7 26.
Rxb8+ Rxb8 27. Nf1 Rb4 28. Ne3 Bxe3 29. Rxe3 Rxc4 30. Rc3 Qc7 31. Rxc4 Qxc4 32.
Qxc4 Bxc4 {1/2-1/2 Taistra,E-Bastian,J, email 2002}) 10... Nh4 11. h3 Nxf3+ 12.
Nxf3 Bxf3 13. Qxf3 Be7 14. Rd1 Bf6 15. a4 O-O 16. b3 Qe7 17. Ba3 Rfe8 18. d5
bxa4 19. b4 Nb3 20. Bxb3 axb3 21. Bc1 Bg5 22. Bb2 Qd7 23. c4 Reb8 24. Qxb3 c5
25. dxc6 Qxc6 26. Rd5 Rc8 27. c5 dxc5 28. Rxc5 Qxe4 29. Rxe5 Qc2 30. Qxc2 Rxc2
31. Rxa6 Rd8 32. Rxg5 Rxb2 33. Rd5 Rb8 34. Rb5 Rd8 35. Rd5 1/2-1/2

[Event "SU Annen (ch)"]
[Site "?"]
[Date "2024.01.19"]
[Round "2"]
[White "Steding, Lennard"]
[Black "Helbig, Dieter"]
[Result "1/2-1/2"]
[WhiteElo "1454"]
[BlackElo "1569"]
[PlyCount "49"]
[EventDate "2024.01.12"]
[EventType "swiss"]
[EventRounds "7"]
[SourceDate "2024.01.12"]

1. e4 c5 2. Nf3 d6 3. d4 cxd4 4. Nxd4 Nf6 5. Nc3 a6 6. Be3 Qc7 7. Bd3 Nc6 8.
O-O Nxd4 9. Bxd4 {#} e5 (9... e6 10. Re1 e5 11. Be3 b5 12. a3 Bb7 13. f3 Be7
14. Qd2 O-O 15. Rad1 Rad8 16. Qf2 Rd7 17. Bb6 Qc8 18. Be2 Bd8 19. Be3 Bc7 20.
Rd2 Rfd8 21. Red1 d5 22. exd5 Nxd5 23. Nxd5 Rxd5 24. Rxd5 Rxd5 25. Bd3 Qd7 26.
Kf1 f5 27. Qe1 e4 28. fxe4 fxe4 29. Be2 Rxd1 30. Bxd1 Bxh2 31. Be2 Qf7+ 32. Bf2
Bg3 33. Kg1 Bxf2+ 34. Qxf2 Qxf2+ 35. Kxf2 Bc8 36. Ke3 Bf5 37. c4 Bd7 38. Kxe4
Bc6+ 39. Kf4 Kf7 40. g4 Ke6 41. cxb5 axb5 42. Bd3 h6 43. g5 hxg5+ 44. Kxg5 Be8
45. Bc2 Kd5 46. Kf4 Kc4 47. Ke5 g6 48. Kf4 Kd4 49. Kf3 Bf7 50. Ke2 g5 51. Kf3
Bh5+ 52. Kf2 Kc4 53. Kg3 Be2 54. Kf2 Bd3 55. Bd1 Kd4 56. a4 b4 57. Be2 Bc4 58.
Bd1 b3 59. Kg3 Kd3 60. Kg4 Kd2 61. Bxb3 Bxb3 62. a5 Bc4 63. Kxg5 Kc2 64. b4 Kb3
65. a6 Bxa6 66. b5 Bxb5 {1/2-1/2 Falcon,B-Rodriguez Mayorca,D, Bento Goncalves
2010,}) 10. Be3 Be6 11. h3 Be7 12. f4 exf4 13. Bxf4 Qc5+ 14. Kh1 O-O 15. Rf3
Nh5 16. Be3 Qe5 17. Nd5 Bxd5 18. exd5 Ng3+ 19. Kg1 Ne4 20. Bf4 Qd4+ 21. Kh2 f5
22. Bxe4 Qxd1 23. Rxd1 fxe4 24. Rff1 Rf6 25. Be3 1/2-1/2

[Event "SU Annen (ch)"]
[Site "?"]
[Date "2024.02.16"]
[Round "3"]
[White "Zimmermann, Kolya"]
[Black "Solomov, Christian"]
[Result "0-1"]
[WhiteElo "1140"]
[BlackElo "1152"]
[PlyCount "60"]
[EventDate "2024.01.12"]
[EventType "swiss"]
[EventRounds "7"]
[SourceDate "2024.01.12"]

1. e4 c5 2. d4 cxd4 3. c3 dxc3 4. Nxc3 Nc6 5. Nf3 d6 6. Bc4 a6 7. O-O Nf6 8. e5
dxe5 9. Qxd8+ Nxd8 10. Nxe5 Be6 11. Bb3 Bxb3 12. axb3 {#} Ne6 (12... e6 13. Bg5
Be7 14. Rfd1 Nc6 15. Nb5 O-O 16. Nxc6 bxc6 17. Nd4 Rfc8 18. Ra4 Rd8 19. Rda1
Rd6 20. Bf4 Rd5 21. Nxc6 Bc5 22. b4 Bd6 23. Bxd6 Rxd6 24. b5 Nd7 25. Rxa6 Rxa6
26. bxa6 Nb6 27. a7 Kf8 28. a8=Q+ {1-0 Kamp,A (1608)-Seinsoth,P (1391),
Magdeburg 2016}) 13. Be3 g6 14. Rfd1 Bg7 15. Na4 O-O 16. Nb6 Rad8 17. f4 Rd6
18. Nbc4 Rd5 19. g3 Rfd8 20. Rdc1 Nd7 21. Rd1 Nxe5 22. Rxd5 Rxd5 23. fxe5 b5
24. Nb6 Rxe5 25. Bd2 Re4 26. Rxa6 Nc7 27. Ra7 Bd4+ 28. Kg2 Bxb6 29. Rb7 Re2+
30. Kh3 Rxd2 0-1

[Event "SU Annen (ch)"]
[Site "?"]
[Date "2024.02.09"]
[Round "3"]
[White "Reichard, Sven"]
[Black "Steding, Lennard"]
[Result "0-1"]
[WhiteElo "1415"]
[BlackElo "1454"]
[PlyCount "102"]
[EventDate "2024.01.12"]
[EventType "swiss"]
[EventRounds "7"]
[SourceDate "2024.01.12"]

1. e4 d5 2. exd5 Qxd5 3. Nc3 Qa5 4. d4 c6 5. Nf3 Nf6 6. Bd2 Bf5 7. Be2 e6 8. a3
Nbd7 9. Nh4 (9. Qc1) (9. b4) (9. O-O {- B 01/29}) 9... Bg6 10. Nxg6 hxg6 11. b4
Qc7 12. h3 Nb6 13. Bd3 Nbd5 14. Nxd5 Nxd5 15. Qf3 Bd6 16. g3 Ne7 17. Rc1 Nf5
18. c3 a5 19. g4 Nh4 20. Qe4 Kd7 21. g5 f5 22. gxf6 gxf6 23. Kd1 axb4 24. axb4
f5 25. Qe2 Bf4 26. Bxf4 Qxf4 27. Qe3 Qf3+ 28. Qxf3 Nxf3 29. Ke2 Ng5 30. h4 Ra2+
31. Ke3 Nh7 32. Rc2 Rxc2 33. Bxc2 Nf6 34. f3 g5 35. h5 Nxh5 36. Bd1 f4+ 37. Kd2
Ke7 38. Bc2 Kf6 39. Kd3 e5 40. dxe5+ Kxe5 41. Kc4 b5+ 42. Kc5 Rh6 43. Be4 Ng3
44. Rxh6 Nxe4+ 45. fxe4 g4 46. Rg6 f3 47. Rg8 f2 48. Re8+ Kf4 49. e5 g3 50. Kd4
g2 51. Rf8+ Kg3 0-1

[Event "SU Annen (ch)"]
[Site "?"]
[Date "2024.02.09"]
[Round "3"]
[White "Helbig, Dieter"]
[Black "Stergar, Lothar"]
[Result "1-0"]
[WhiteElo "1569"]
[BlackElo "1612"]
[PlyCount "31"]
[EventDate "2024.01.12"]
[EventType "swiss"]
[EventRounds "7"]
[SourceDate "2024.01.12"]

1. e4 Nc6 2. d4 e6 3. Nf3 Nf6 4. Bg5 Be7 5. Nc3 h6 6. Bxf6 Bxf6 7. e5 Be7 8.
Bd3 b6 {#} 9. a3 (9. O-O Bb7 10. a3 O-O 11. Qe1 d5 12. b4 Qd7 13. Bb5 a6 14.
Bd3 b5 15. Rb1 f6 16. Qe3 f5 17. h4 a5 18. Nxb5 axb4 19. Qf4 bxa3 20. Nc3 a2
21. Ra1 Nb4 22. h5 Qe8 23. Qg3 Qxh5 24. Be2 Qg4 25. Qxg4 fxg4 26. Nb5 gxf3 27.
gxf3 Nxc2 28. Rac1 a1=Q 29. Rxc2 Qa5 30. Nxc7 Rac8 31. Rfc1 Bd8 32. Nxe6 Rxc2
33. Rxc2 Qe1+ 34. Kg2 Qb4 35. Rc7 Be7 36. f4 Rf7 37. f5 Bd8 38. Rc1 Qd2 39. Rh1
Qxe2 40. Nxd8 Rxf5 41. Nxb7 Qxf2+ 42. Kh3 Rf3+ 43. Kg4 Qg2+ 44. Kh5 Qg5# {0-1
Hurse,L-Fitzpatrick,L, Brisbane 2005}) 9... Bb7 10. Qe2 d6 11. O-O-O dxe5 12.
dxe5 Bc5 13. Bb5 Qe7 14. Qe4 O-O 15. Bxc6 Bxc6 16. Qxc6 1-0

[Event "SU Annen (ch)"]
[Site "?"]
[Date "2024.03.08"]
[Round "4"]
[White "Schröder, Paul"]
[Black "Köhler, Frank"]
[Result "1-0"]
[WhiteElo "1508"]
[BlackElo "1733"]
[PlyCount "49"]
[EventDate "2024.01.12"]
[EventType "swiss"]
[EventRounds "7"]
[SourceDate "2024.01.12"]

1. c4 c5 2. Nc3 g6 3. g3 Bg7 4. Bg2 Nc6 5. d3 Nf6 6. Nf3 O-O 7. O-O d5 8. cxd5
Nxd5 9. Bd2 Nc7 10. Be3 Nd4 {#} 11. a4 (11. Qd2 Re8 12. Ne4 b6 13. Bxd4 cxd4
14. Qc2 Bb7 15. Nfd2 Nd5 16. Rac1 e5 17. Nc4 Re6 18. Qb3 Qe7 19. Na3 Bh6 20.
Rc2 Nb4 21. Nf6+ Rxf6 22. Bxb7 Qxb7 23. Qxb4 Rc8 24. Rxc8+ Qxc8 25. Nc4 Qc7 26.
Qb5 Re6 27. b4 Qb7 28. Nb2 a6 29. Qc4 b5 30. Qb3 Qc6 31. Rb1 Qc3 32. Nd1 Qe1+
33. Kg2 Bf8 34. Qb2 Re8 35. a3 Bh6 36. e3 dxe3 37. Nxe3 {1-0 Prade,C (1756)
-Jaramillo Arce,D (1689), Aracaju 2014}) 11... Rb8 12. Bf4 Nxf3+ 13. Bxf3 e5
14. Be3 b6 15. Qd2 Ne6 16. Bg2 Nd4 17. Ra3 Be6 18. f4 Nf5 19. fxe5 Bxe5 20. Bf4
Bxf4 21. Qxf4 Bc8 22. Qxb8 Qd4+ 23. Rf2 Ne3 24. Qf4 Nxg2 25. Kxg2 1-0

[Event "SU Annen (ch)"]
[Site "?"]
[Date "2024.03.08"]
[Round "4"]
[White "Solomov, Christian"]
[Black "Jeschke, Holger"]
[Result "0-1"]
[WhiteElo "1152"]
[BlackElo "1836"]
[PlyCount "60"]
[EventDate "2024.01.12"]
[EventType "swiss"]
[EventRounds "7"]
[SourceDate "2024.01.12"]

1. e4 d6 2. d4 g6 3. Nf3 Bg7 4. Nc3 Nd7 5. Bc4 e6 6. O-O Ne7 {#} 7. Bxe6 (7.
Qd3) (7. h3) (7. Qe2) (7. Ne2) (7. Bb3) (7. b3) (7. Ng5) (7. Bf4) (7. a4) (7.
Bg5) (7. Re1) (7. Be3 {- B 06/14}) 7... fxe6 8. Ng5 Nf6 9. f4 O-O 10. Qf3 h6
11. Nh3 e5 12. d5 Bxh3 13. Qxh3 exf4 14. Bxf4 Qd7 15. Qe3 g5 16. Bg3 Ng4 17.
Rxf8+ Rxf8 18. Qxa7 b6 19. Qa6 Bd4+ 20. Kh1 Nf2+ 21. Bxf2 Rxf2 22. Qd3 Qg4 23.
Rg1 Be5 24. Qb5 Kf7 25. Nd1 Rf6 26. Ne3 Qf4 27. Nf1 Bd4 28. Ng3 Bxg1 29. Kxg1
Qf2+ 30. Kh1 Qe1+ 0-1

[Event "SU Annen (ch)"]
[Site "?"]
[Date "2024.03.08"]
[Round "4"]
[White "Krug, Christopher"]
[Black "Helbig, Dieter"]
[Result "1-0"]
[WhiteElo "1498"]
[BlackElo "1569"]
[PlyCount "59"]
[EventDate "2024.01.12"]
[EventType "swiss"]
[EventRounds "7"]
[SourceDate "2024.01.12"]

1. d4 Nf6 2. g3 e6 3. Bg5 Be7 4. Nd2 d5 5. Ngf3 Nbd7 {#} 6. e3 (6. Bg2 O-O 7.
O-O (7. c3 b6 8. Qc2 Bb7 9. O-O c5 10. e3 Rc8 11. Rac1 h6 12. Bxf6 Bxf6 13. Qd3
Qc7 14. Rfe1 Rfd8 15. h3 g6 16. Nf1 Bg7 17. N1h2 Nf6 18. Re2 Qd6 19. Qb1 Ba6
20. Ree1 Rc7 21. Bf1 Bxf1 22. Kxf1 Rdc8 23. Qd3 Rd8 24. Kg2 Rdc8 25. Ne5 Nd7
26. f4 Qe7 27. Nhf3 Kh7 28. g4 f5 29. gxf5 gxf5 30. Rg1 Bxe5 31. dxe5 c4 32.
Qc2 Rg8+ 33. Kh2 Rcc8 34. Rg4 Nc5 35. Rcg1 Ne4 36. R4g2 b5 37. a3 a6 38. Nd4
Qf7 39. Qe2 Nc5 40. Nf3 Rxg2+ 41. Rxg2 Nb3 42. Ne1 Rb8 43. h4 Rf8 44. Nc2 Qe8
45. Nb4 Nc5 46. Qd1 Qf7 47. Kh3 Rc8 48. Rd2 Rg8 49. Nxd5 exd5 50. Rxd5 Qg6 51.
Qf3 Ne4 52. Rd7+ Kh8 53. Rd1 Qc6 54. Kh2 Qg6 55. Re1 Nd2 56. Qf2 Qg4 {0-1
Ackermann,R-Liesmann,K, Kleve 1999}) 7... c6 8. c3 h6 9. Bxf6 Bxf6 10. e4 Re8
11. e5 Be7 12. Re1 Nf8 13. h4 b6 14. Bh3 c5 15. Rc1 Bb7 16. Nh2 Rc8 17. a3 Qd7
18. Ndf3 cxd4 19. Nxd4 Rc7 20. Nhf3 Rec8 21. Bf1 a6 22. Qb3 Bc5 23. Qd1 Bxd4
24. Nxd4 Ng6 25. h5 Ne7 26. g4 Nc6 27. Nxc6 Qxc6 28. Qd4 Qc5 29. Red1 Qxd4 30.
Rxd4 a5 31. Kh2 Ra8 32. Kg3 Ba6 33. Bg2 Rac8 34. f4 Rc4 35. Rcd1 Rxd4 36. Rxd4
Rc4 37. f5 Rxd4 38. cxd4 Bd3 39. Kf4 Kh7 40. Bf3 Bc2 41. Be2 Kg8 42. f6 g6 43.
g5 Kh7 44. hxg6+ Kxg6 45. gxh6 Kxh6 46. Ke3 Kg5 47. Kd2 Bg6 48. Bd1 Bh5 49. Ba4
Kf4 50. Kc3 Bg6 51. b4 axb4+ 52. axb4 Bf5 53. Bd7 Bg6 54. Ba4 Bf5 {1/2-1/2
Weglarz,J (1854)-Szych,A (1258), Poznan 2015}) 6... a6 7. a3 O-O 8. c4 dxc4 9.
Nxc4 b5 10. Na5 Nb8 11. Ne5 h6 12. Bg2 Ra7 13. Bxf6 Bxf6 14. Nec6 Nxc6 15. Nxc6
Qd6 16. Nxa7 Bd7 17. Qf3 c5 18. Nc6 Rc8 19. Ne5 Bxe5 20. dxe5 Qxe5 21. Qe2 b4
22. a4 a5 23. Qd2 Be8 24. O-O c4 25. Qd4 Qc7 26. Rfc1 e5 27. Qe4 Bd7 28. Qb7
Be6 29. Qxc7 Rxc7 30. Kf1 1-0